Visualizzazione normale
Vista MARC
- Petrosillo, Pietro
di Personal Name
Records bibliografici associati: 1
001 - CONTROL NUMBER
- control field: 34005
003 - CONTROL NUMBER IDENTIFIER
- control field: IT-RoPau
005 - DATE AND TIME OF LATEST TRANSACTION
- control field: 20141007093441.0
008 - FIXED-LENGTH DATA ELEMENTS
- fixed length control field: 141007|| aca||aabn | a|a d
040 ## - CATALOGING SOURCE
- Original cataloging agency: IT-RoPau
- Transcribing agency: IT-RoPau
100 ## - HEADING--PERSONAL NAME
- Personal name: Petrosillo, Pietro
670 ## - SOURCE DATA FOUND
- Source citation: Work cat.: (IT-RoPau)35180: Petrosillo, Pietro, Il Cristianesimo dalla A. alla Z. Lessico della fede cristiana , 1995